Ius in Veritate

Detalles Bibliográficos
Autor principal: Filipponio, Angiola
Formato: eBook
Lenguaje:italiano
Publicado: Bari : Cacucci Editore, 2009
Materias:
Acceso en línea:http://www.vlex.com/source/7357

MARC

LEADER 00000nam a22000007a 4500
005 20130307173335.0
007 cr|||| ||||
008 130307e2009 it |||||s|||| 00||0 ita d
020 |a 978-88-8422-862-8 
035 |a 7357 
040 |a vLex 
090 |c 3852  |d 3852 
100 1 0 |a Filipponio, Angiola  
245 1 0 |a Ius in Veritate  |c / Angiola Filipponio   |h [Recurso electrn̤ico] 
256 |a Servicio en ln̕ea 
260 |a Bari :   |b Cacucci Editore,   |c 2009 
300 |a 1 Recurso en ln̕ea 
506 |d vLex Global  |d vLex Global (Academic Edition, excluding Law Schools)  |d vLex Global (U.S. Academic Edition, Law Schools)  |d vLex Global (U.S. Academic Edition, excluding Law Schools)  |d vLex Global (Academic Edition, Law Schools) 
650 0 4 |a Filosofa̕ del Derecho 
650 0 4 |a Verdad 
740 |a vLex Libros (Servicio en ln̕ea) 
856 |a Acceso restringido  |u http://www.vlex.com/source/7357 
942 |c BOOK 
999 0 |a Law